| 000 | 00385 a2200157 4500 | ||
|---|---|---|---|
| 001 | 52602 | ||
| 020 | _a | ||
| 040 | _cAnchieta - Pituba | ||
| 100 | _aFabiane Mesquita e Suilan Lago | ||
| 240 | 1 | 0 |
_a1ª Língua portuguesa, II unidade _lpor |
| 245 | 1 | 0 | _a1ª Língua portuguesa, II unidade |
| 300 | _a8 | ||
| 362 | 0 | _a2015 | |
| 650 | 4 | _aLínguas espanhola e portuguesa | |
| 942 | _cBK | ||
| 999 |
_c52602 _d52602 |
||